Chanteurs et musiciens en M (par images). - Statistiques

Statistiques générales
  • Ce quiz a été pris 471 fois
  • Le résultat moyen est 11 sur 20
Statistiques - réponses
Par images Réponse % Correct
Bob Marley
98%
Christophe Maé
92%
Freddie Mercury
92%
Madonna
86%
Bruno Mars
80%
Maroon 5
69%
Mc Solaar
63%
Eddy Mitchell
60%
Maes
56%
Mireille Mathieu
54%
Paul McCartney
54%
George Michael
48%
Mac Miller
48%
Maurane
48%
Macklemore
46%
Jim Morrison
36%
Muse
33%
Migos
31%
Metallica
23%
Marie Myriam
8%
Aucun quiz correspondant
Distribution des résultats
% des personnes avec chaque résultat
Percentile par nombre de réponses
Votre historique - résultats
Vous n’avez pas pris ce quiz